|
|
|
|
| LEADER |
00000naa2a2200000 4500 |
| 001 |
426240 |
| 005 |
20231101074513.0 |
| 035 |
|
|
|a (RuTPU)RU\TPU\prd\84965
|
| 035 |
|
|
|a RU\TPU\prd\38032
|
| 090 |
|
|
|a 426240
|
| 100 |
|
|
|a 20100701a2005 k y0rusy50 ca
|
| 101 |
0 |
|
|a rus
|
| 102 |
|
|
|a RU
|
| 200 |
1 |
|
|a Разработка электрохимического датчика капсульного типа для контроля кислорода в тяжелом теплоносителе
|f П. Н. Мартынов, М. Е. Чернов, В. А. Гулевский, А. А. Проворов
|
| 225 |
1 |
|
|a Статьи
|
| 320 |
|
|
|a Библиогр.: 4 назв.
|
| 461 |
|
0 |
|0 (RuTPU)RU\TPU\prd\33
|x 0004-7163
|t Атомная энергия
|o теоретический и научно-технический журнал
|f Российская академия наук ; Министерство РФ по атомной энергии, ядерного общества
|d 1956-
|
| 463 |
|
0 |
|0 (RuTPU)RU\TPU\prd\84959
|t Т. 98, вып. 5
|v с. 360-365
|d 2005
|
| 610 |
1 |
|
|a электрохимические датчики
|
| 610 |
1 |
|
|a кислород
|
| 610 |
1 |
|
|a контроль
|
| 610 |
1 |
|
|a тяжелые теплоносители
|
| 610 |
1 |
|
|a твердоэлектролитная керамика
|
| 610 |
1 |
|
|a термостойкость
|
| 610 |
1 |
|
|a капсулы
|
| 610 |
1 |
|
|a средства измерений
|
| 675 |
|
|
|a 621.039.534.63
|v 3
|
| 701 |
|
1 |
|a Мартынов
|b П. Н.
|
| 701 |
|
1 |
|a Чернов
|b М. Е.
|
| 701 |
|
1 |
|a Гулевский
|b В. А.
|
| 701 |
|
1 |
|a Проворов
|b А. А.
|
| 801 |
|
1 |
|a RU
|b 63413507
|c 20050914
|g PSBO
|
| 801 |
|
2 |
|a RU
|b 63413507
|c 20100702
|g RCR
|
| 942 |
|
|
|c BK
|